Survivor's guide to technical writing

Bibliographic Details
Main Author: Ingre, David (Author)
Format: Book
Published: Mason, Ohio : South-Western/Thomson Learning , c2003
Subjects:

MARC

LEADER 00000cam a2200000 7i4500
001 0000045895
005 20041215093000.0
008 030731s2003
020 |a 0538970286 
090 0 0 |a T11   |b .I23 2003 kit 
100 0 |a Ingre, David ,   |e author 
245 1 0 |a Survivor's guide to technical writing   |c David Ingre 
260 2 |a Mason, Ohio :   |b South-Western/Thomson Learning ,   |c c2003 
300 |a ix, 325 p. ;   |c 26 cm.   |e 1 CD-ROM 
504 |a Includes index 
650 0 |a Technical writing 
999 |a 1000096122   |b Book   |c OPEN SHELF (30 DAYS)   |e Gong Badak Campus 
999 |a 1000096123   |b CD-ROM   |c Close Access   |e Gong Badak Campus 
999 |a 1000099410   |b Book   |c OPEN SHELF (30 DAYS)   |e Gong Badak Campus 
999 |a 1000099411   |b CD-ROM   |c Close Access   |e Gong Badak Campus